000 00480nam a2200181Ia 4500
005 20250508152909.0
008 008 250505s9999 xx 000 0 eng d
037 _aTextual
040 _aFEDL
_beng
_cFEDL
041 _aeng
_2eng
084 _a321.4, WEL
_qFEDL
100 _aWells H.G.
_9762684
245 0 _aAfter democracy
260 _aLondon, UK
_bWatts and Company
_c1932
300 _avii,247p.
942 _cTEXL
_h321.4, WEL
999 _c1339477
_d1339477